000 02267nam0a2200433 4500
001 RU\NLR\BIBL_A\022571293
005 20260420045949.0
010 _a978-5-6053445-0-6
021 _aRU
_bКН-П-25-021998
_9КН-П-25-2227
035 _a(NLR Aleph) 022571293
090 _a13675747
_c13675747
100 _a20250620d2024 u y0rusy50 ca
101 0 _arus
102 _aRU
105 _aacb j 000yy
181 0 _ab2
_bxb2e
181 0 _ai2
_baxxe
182 0 _an
200 1 _aУроки родиноведения
_e(учебно-патриотическое пособие)
_fГосударственное бюджетное учреждение "Национальный архив Республики Тыва" [и др.]
_gавторы-составители: К. Д. Аракчаа, канд. хим. наук [и др.].
203 _aИзображение
_aТекст
_bвизуальные
_cнепосредственные
210 _aКызыл
_aКрасноярск
_cКабардин А. О.
_d2024
215 _a193 с.
_cцв. ил., карты, портр.
_d26
300 _aНа тит. с. и обл.: Посвящается 80-летию вхождения Тувинской Народной Республики в состав СССР
300 _aКн. содержит QR-коды ссылок на доп. информ.
320 _aБиблиогр.: с. 192–193
333 _a12+
607 _aТыва, Республика
_jУчебные издания
_xГеография
_92336530
_3RU\NLR\AUTH\6601620716
607 _aТува
_jУчебные издания
_xИстория
_92113923
_3RU\NLR\AUTH\661580770
607 _aТува
_jУчебные издания
_xКультура
_92453319
_3RU\NLR\AUTH\661458482
686 1 _aТ3(2Р-6Ту)я7
686 1 _aТ3(2Р-6Ту)0-7я7
686 1 _aД890(2Р54-6Ту)я7
702 1 _4220
_7ca
_8rus
_aАракчаа
_bК. Д.
_f1950-
_gКара-Кыс Донгаковна
_9118645
_3RU\NLR\AUTH\778755
712 0 2 _4570
_aНациональный архив Республики Тыва
_cКызыл
_92660988
_3RU\NLR\AUTH\880628620
942 _cBOOK
980 _aNB